New Mexico : Vaughn : 1:100,000-scale topographic map : 30 X 60 minute series (topographic) /

Bibliographic Details
Corporate Authors: United States. Bureau of Land Management, National Operations Center (U.S.), Geological Survey (U.S.), United States. Bureau of Land Management. New Mexico State Office
Format: Government Document Map
Language:English
Published: Reston, Va. : Denver, CO : Bureau of Land Management ; U.S. Geological Survey, 2008.
Edition:BLM, 2008.
Series:Minerals management status, surface management status
Subjects:

MARC

Tag First Indicator Second Indicator Subfields
LEADER 00000cem a2200000Ia 4500
001 in00002467314
005 20151110115557.0
007 aj canzn
008 090507s2008 vauag cc a f 0 eng d
020 |a 9781411323124 
020 |a 1411323122 
034 1 |a a  |b 100000  |d W1060000  |e W1050000  |f N0350000  |g N0343000 
035 |a (OCoLC)ocn320451310 
035 |a (OCoLC)320451310 
040 |a ILU  |c ILU  |d ILU  |d WEA  |d SPI  |d GPO  |d MvI  |d UtOrBLW 
043 |a n-us-nm 
049 |a UDOC 
052 |a 4321 
074 |a 0619-G-16 
086 0 |a I 53.11/4-2:34105-E 1-TM-100/2008 
110 1 |a United States.  |b Bureau of Land Management. 
245 1 0 |a New Mexico :  |b Vaughn : 1:100,000-scale topographic map : 30 X 60 minute series (topographic) /  |c edited and published by the Bureau of Land Management, National Operations Center in cooperation with the Bureau ... New Mexico State Office. 
246 1 |i Filing title:  |a Vaughn, New Mexico 
246 3 0 |a Vaughn 
250 |a BLM, 2008. 
255 |a Scale 1:100,000. 1 cm. on the map represents 1 km. on the ground ;  |b Lambert conformal conic proj.  |c (W 106⁰00ʹ--W 105⁰00ʹ/N 35⁰00ʹ--N 34⁰30ʹ). 
264 1 |a Reston, Va. :  |b Bureau of Land Management ;  |a Denver, CO :  |b U.S. Geological Survey,  |c 2008. 
264 2 |a Santa Fe, NM :  |b For sale by BLM New Mexico State Office ; 
300 |a 1 map :  |b color ;  |c 56 x 92 cm. 
336 |a cartographic image  |b cri  |2 rdacontent 
337 |a unmediated  |b n  |2 rdamedia 
338 |a sheet  |b nb  |2 rdacarrier 
490 1 |a Minerals management status, surface management status 
500 |a Relief shown by contours and spot heights. 
500 |a Shows township and range lines. 
500 |a USGS base map dated 1984. 
500 |a Includes quadrangle location map, township diagram, and indexes to adjoining maps and to 1:24,000 scale maps. 
500 |a Designed to be folded to 23 x 11 cm. 
500 |a Includes quadrangle location map and indexes to adjoining maps and to 1:24,000 scale maps. 
500 |a Cartographic material. 
650 0 |a Mines and mineral resources  |z New Mexico  |v Maps, Topographic. 
650 0 |a Land use, Rural  |z New Mexico  |v Maps, Topographic. 
651 0 |a New Mexico  |v Maps, Topographic. 
710 2 |a National Operations Center (U.S.) 
710 2 |a Geological Survey (U.S.) 
710 1 |a United States.  |b Bureau of Land Management.  |b New Mexico State Office. 
810 1 |a United States.  |b Bureau of Land Management.  |t Surface-minerals management status. 
948 |a cataloged  |b h  |c 2009/05/28  |e revaughan  |f 9:43:00 am 
999 |a MARS 
999 f f |s 25b9d98f-d376-341d-b714-0b9932b45c58  |i f6093604-f0b9-3c39-b852-1428a86fd045  |t 0 
952 f f |p normal  |a Texas A&M University  |b College Station  |c Sterling C. Evans Library  |d Evans: Maps (2nd floor)  |t 0  |e G3701.G5 s100 .U5 Vaughn, NM (MM) 2008  |h Library of Congress classification  |i unmediated -- sheet  |m A14838728833 
998 f f |a G3701.G5 s100 .U5 Vaughn, NM (MM) 2008  |t 0  |l Evans: Maps (2nd floor)